Ulusal egemenliğin 75. yılında Atatürk düşüncesi ve gençlerin sorunları / (Record no. 13400)

MARC details
000 -BAŞLIK
Sabit Uzunlukta Kontrol Alanı 00768nam a2200229 4500
999 ## - SİSTEM KONTROL NUMARALARI (KOHA)
Koha Biblionumber 13400
Koha Biblioitemnumber 13400
003 - KONTROL NUMARASI IDENTIFIER
Denetim Alanı MIRAKIL
005 - SON İŞLEM TARİHİ VE ZAMANI
Denetim Alanı 20211214000615.0
008 - SABİT-BOY VERİ ELEMANLARI - GENEL BİLGİLER
Sabit Uzunlukta Kontrol Alanı 190710b tu ||||| |||| 00| 0 tur d
020 ## - ULUSLARARASI STANDART KİTAP NUMARASI
Uluslararası Standart Kitap Numarası 9758009001
040 ## - KATALOGLAMA KAYNAK
Orijinal Kataloglama Ajansı TR-AnCHP
Metne Dönüştürmek Ajansı TR-AnCHP
041 ## - DİL KODU
Metin / Ses Parça Veya Ayrı Başlığın Dil Kodu tur
082 ## - DEWEY ONLU SINIFLANDIRMA NUMARASI
Sınıflandırma Numarası ATA 320.9561
Ürün Numarası K29u 1995
100 ## - ANA GİRİŞ - KİŞİSEL İSİM
Kişisel Ad Kaynar, Reşat
245 10 - BAŞLIK TABLOSU
Başlık Ulusal egemenliğin 75. yılında Atatürk düşüncesi ve gençlerin sorunları /
Sorumluluk Tablosu, Vb Reşat Kaynar - Necdet Sakaoğlu
260 ## - YAYIN, DAĞITIM, VB
Yayın, Dağıtım, Vb Yeri İstanbul:
Yayıncı, Dağıtıcı, Vs Adı Açı yayıncılık,
Yayın, Dağıtım, Vb Tarihi 1995.
300 ## - FİZİKSEL TANIM
Kapsam 238 s.:
Boyutlar 20 sm.
504 ## - KAYNAKÇA VB NOT
Kaynakça Vb Notu Kaynakça 1. bölüm sonundadır.
600 14 - KONU KATMA GİRİŞ - KURUMSAL ADI
9 (RLIN) 1465
Kişisel Ad Atatürk, Gazi Mustafa Kemal
Bir Adıyla İlişkilendirilen Tarihler 1881-1938
650 #0 - KONU KATMA GİRİŞ - TOPİKAL DÖNEM
Topikal Süreli Veya Coğrafi Ad Giriş Elemanı Siyaset ve yönetim
Genel Alt Bölümü Türkiye
Coğrafi Alt Bölümü Türkiye
9 (RLIN) 9
700 ## - KATMA GİRİŞ - KİŞİSEL İSİM
9 (RLIN) 5874
Kişisel Ad Sakaoğlu, Necdet
942 ## - EKLENDİ GİRİŞ ELEMANLARI (KOHA)
Sınıflandırma Veya Raf Düzeni Kaynak Dewey Decimal Classification
Koha Öğesi Türü Books
Holdings
Kalıcı Konum Mevcut Konum Edinme Tarihi Toplam Check-Out'Lar Tam Çağrı Numarası Barkod Tarih Son Görülme İtibaren Geçerli Fiyatlar Sigara Kamu Notu Koha Öğesi Türü
CHP Kütüphanesi CHP Kütüphanesi 07/10/2019   ATA 320.9561 K29u 1995 019269 07/10/2019 07/10/2019 Ertuğrul Çepni bağışıdır. Books